Eros e flora em Antero (Registo nº 201861)
[ vista simples ]
| 000 -Etiqueta de Registo | |
|---|---|
| Indicador do Registo | 00642nam 22001813 4500 |
| 100 ## - Dados Gerais de Processamento | |
| Dados gerais | 20250918d u||y0pory50 ba |
| 101 ## - Língua | |
| Língua de publicação | Português |
| 102 ## - País de publicação | |
| País | Portugal |
| 200 ## - Título e menção de responsabilidade | |
| Título próprio | Eros e flora em Antero |
| Primeira menção de responsabilidade | Joaquim-Francisco Coelho |
| 300 ## - Notas gerais | |
| Texto de nota | Separata do livro Congresso Anteriano Internacional - Actas , 14-18, Outubro 1991<br/>Dedicatória do autor na folha de rosto |
| 461 ## - Nível de conjunto | |
| Título | Separata do nº 142/ Outubro-Dezembro 1996 |
| Número de parte ou secção (número/volume) | p. 127 - 132 |
| 606 ## - Nome Comum Usado como Assunto | |
| ID Autoridade | 3661 |
| Elemento de Entrada | Crítica Literária.Estudos Literários |
| 700 ## - Autor principal (pessoa individual) | |
| ID Autoridade | 17023 |
| Apelido | Coelho |
| Nome | Joaquim Francisco |
| Datas | 1938-2019 |
| 801 ## - Fonte de origem | |
| País | PT |
| Agência | BMMN |
| Regras de catalogação | RPC |
| 090 ## - System Control Numbers (Koha) | |
| Koha biblioitem number (autogenerated) | 201861 |
| 990 ## - Elementos Koha | |
| Tipo de documento | Artigo |
| Biblioteca de origem | Biblioteca de Empréstimo | Código de Barras | Cota | Permissão de Empréstimo | Tipo de Documento | Nota relativa ao exemplar | Estado | Forma de Aquisição |
|---|---|---|---|---|---|---|---|---|
| Biblioteca Municipal de Montemor-o-Novo | Biblioteca Municipal de Montemor-o-Novo | 31247 | 82.09 COE|SAF | Artigo | Acesso Condicionado | Oferta |